000 00422nam a2200157Ia 4500
008 210716s2005 xx 000 0 und d
020 _a9788120328648
041 _aeng
082 _a006.3 AKER
100 _aAkerkar, Rajendra.
245 _aIntroduction to artificial intelligence.
250 _a1
260 _aNew Delhi
_bPHI Learning Pvt Ltd
_c2005
300 _axiv,349
650 _aArtificial Intelligence(006.3)
999 _c189580
_d189580